000 00585nam a2200205 a 4500
999 _c7148
_d7148
003 PK-NaQUE
005 20250911160921.0
008 250911b ||||| |||| 00| 0 eng d
020 _a8121923158 (paperback)
020 _a9788121923156 (paperback)
040 _cQUEST
100 1 _aGupta, B. R.
245 1 0 _aElectronics and Instrumentation /
260 _a[S.l.] :
_bS Chand & Co Ltd,
_c2005.
300 _a250 p. ;
650 _aElectronic Engineering
650 _aInstrumentation
856 4 0 _uhttp://10.10.170.122:8080/browse/book/28255
_yDownload eBook
942 _cBK
_2ddc